[Event "Eger Agria op"]
[Site "Eger"]
[Date "1999.??.??"]
[Round "?"]
[White "Kerek, Krisztian"]
[Black "Hidegh, Gabor"]
[Result "1-0"]
[WhiteElo "2370"]
[BlackElo "2060"]

1.e4 c5 2.Nf3 Nc6 3.Bb5 g6 4.O-O Bg7 5.Nc3 d6 6.e5 Bd7 7.exd6 exd6 8.Re1+ Nge7
9.Bxc6 Bxc6 10.d4 Bxf3 11.Qxf3 O-O 12.dxc5 dxc5 13.Bg5 f6 14.Rad1 Qe8 15.Qxb7 Rf7
16.Nd5 fxg5 17.Nxe7+ Kf8 18.Rd7 Bd4 19.Nxg6+ Kg8 20.Ne7+ Kf8 21.Ng6+ Kg8
22.Rxe8+ Rxe8 23.Ne7+ Kf8 24.Ng6+ Kg8 25.Ne7+ Kf8 26.g3 Rfxe7 27.Rxe7 Rxe7
28.Qc8+  1-0

[Event "Cataluna Club op"]
[Site "ESP"]
[Date "1999.??.??"]
[Round "?"]
[White "Baeza Labat, Jose"]
[Black "Lazaro Porta, Angel"]
[Result "0-1"]
[WhiteElo "1995"]
[BlackElo "2130"]

1.e4 c5 2.Nf3 Nc6 3.Bb5 a6 4.Bxc6 dxc6 5.O-O Bg4 6.h3 Bh5 7.d3 e6 8.Re1 Qc7
9.Nbd2 Be7 10.Nf1 Nf6 11.Ng3 Bg6 12.b3 Nh5 13.Nxh5 Bxh5 14.Bb2 f6 15.Re3 e5
16.Qe1 Bf7 17.Rd1 Rd8 18.Bc3 Rd7 19.Ba5 b6 20.Bc3 Bd8 21.Nh4 g6 22.Nf3 O-O
23.Nh2 Be6 24.f3 Rg7 25.Nf1 b5 26.a3 a5 27.Ra1 Qa7 28.Kh2 Bb6 29.Re2 Rd8
30.a4 Ra8 31.g4 c4 32.bxc4 bxc4 33.dxc4 Bxc4 34.Rd2 Bd4 35.Bxd4 exd4 36.Ng3 Rb8
37.Ne2 c5 38.Nf4 Qc7 39.Qg3 Rb2 40.Ra3 Rd7 41.Nh5  0-1

[Event "Cataluna-ch (Women)"]
[Site "ESP"]
[Date "1999.??.??"]
[Round "?"]
[White "Montijano, Sara"]
[Black "Pino, Francisca"]
[Result "0-1"]
[WhiteElo "1715"]
[BlackElo "1865"]

1.e4 c5 2.Nf3 Nc6 3.Bb5 g6 4.c3 Bg7 5.d4 cxd4 6.cxd4 Qb6 7.Bxc6 bxc6 8.O-O Nf6
9.Nc3 O-O 10.Rb1 d6 11.Be3 Bg4 12.h3 Bxf3 13.Qxf3 Qa5 14.b4 Qd8 15.Bg5 h6
16.Bf4 Nd7 17.Rbd1 e5 18.Be3 exd4 19.Bxd4 Ne5 20.Qg3 Qe7 21.f4 Nc4 22.Bxg7 Kxg7
23.Rde1 Qf6 24.h4 Qd4+ 25.Kh2 a5 26.b5 cxb5 27.Nxb5 Qc5 28.Nc3 Qh5 29.Nd5 Rac8
30.f5 g5 31.Rf4 f6 32.Ne7 Rc5 33.Ng6 Re8 34.Kg1 Kh7 35.Rg4 Ne5 36.Nxe5 Rcxe5
37.Qf3 d5 38.Re3 Qf7 39.hxg5 fxg5 40.Qh3 Qf6 41.Qf3 R5e7 42.Kf2 Qb2+ 43.Re2 Qd4+
44.Qe3 Qf6 45.Qf3 h5 46.Rg3 g4 47.Qf4 Rxe4 48.Rxe4 Rxe4 49.Qc7+ Kh6 50.Qxa5 Qxf5+
51.Kg1 Qe5 52.Qb6+ Kg5 53.Qf2 h4 54.Qd2+ Kh5 55.Rd3 d4 56.a4 Re1+  0-1

[Event "Cataluna Club op"]
[Site "ESP"]
[Date "1999.??.??"]
[Round "?"]
[White "Baeza Labat, Jose"]
[Black "Gonzalez Esteban, German"]
[Result "1-0"]
[WhiteElo "1995"]
[BlackElo "2190"]

1.e4 c5 2.Nf3 Nc6 3.Bb5 Qb6 4.Nc3 e6 5.O-O a6 6.Bxc6 Qxc6 7.d4 cxd4 8.Nxd4 Qc7
9.Re1 Ne7 10.Ndb5 axb5 11.Nxb5 Qc5 12.Nd6+ Kd8 13.Nxf7+ Ke8 14.Be3 Qa5 15.b4 Qc7
16.Nd6+ Kd8 17.Nf7+ Ke8 18.Nxh8 Qe5 19.Bd4 Qf4 20.Qh5+ g6 21.Qxh7 e5 22.Bxe5 Qh6
23.Qf7+ Kd8 24.Bf6 Ra6 25.Nxg6 Re6 26.Rad1 d6 27.Rxd6+ Kc7 28.Rxe6 Qxg6  1-0

[Event "Cataluna-chT"]
[Site "ESP"]
[Date "1999.??.??"]
[Round "2"]
[White "De la Riva Aguado, Oscar"]
[Black "Artigas Isart, Miguel"]
[Result "1-0"]
[WhiteElo "2535"]
[BlackElo "2275"]

1.e4 c5 2.Nf3 Nc6 3.Bb5 g6 4.c3 Bg7 5.d4 cxd4 6.cxd4 Qb6 7.Nc3 Nxd4 8.Nd5 Nxf3+
9.Qxf3 Qd8 10.Bf4 e5 11.Bd2 Nf6 12.Bg5 Qa5+ 13.b4  1-0

[Event "Cataluna-chT"]
[Site "ESP"]
[Date "1999.??.??"]
[Round "3"]
[White "Castany Pampalona, Luis Maria"]
[Black "Monraba Capella, M."]
[Result "1-0"]
[WhiteElo "2350"]
[BlackElo "2255"]

1.e4 c5 2.Nf3 Nc6 3.Bb5 g6 4.O-O Bg7 5.c3 a6 6.Ba4 b5 7.Bc2 d6 8.d4 cxd4
9.Nxd4 Bb7 10.a4 Nxd4 11.cxd4 Nf6 12.Re1 O-O 13.f3 Qb6 14.Nc3 d5 15.a5 Qa7
16.e5 Nd7 17.Kh1 e6 18.Bg5 Rac8 19.Bb3 Rfe8 20.Qd2 Bc6 21.Na2 Rc7 22.Nb4 Bf8
23.f4 Bb7 24.f5 Nb8 25.Bh6 exf5 26.Bxf8 Rxf8 27.Rac1 Rfc8 28.Rxc7 Rxc7 29.Bxd5 Bxd5
30.Nxd5 Rc4 31.Qh6 Nd7 32.Nf6+  1-0

[Event "Cataluna-chT"]
[Site "ESP"]
[Date "1999.??.??"]
[Round "4"]
[White "Mateu Palau, E."]
[Black "Hernandez Jimenez, G."]
[Result "1/2-1/2"]
[WhiteElo "2255"]
[BlackElo "2230"]

1.e4 c5 2.Nf3 Nc6 3.Bb5 g6 4.O-O Bg7 5.c3 Nf6 6.Re1 O-O 7.h3 d5 8.e5 Ne8
9.d4 cxd4 10.cxd4 Nc7 11.Bf1 Bf5 12.Nc3 Rb8 13.Be3 b5 14.Qc1 Nb4 15.Re2 Bd3
16.Rd2 Bxf1 17.Kxf1 Qd7 18.a3 Nc6 19.Rc2 Na5 20.Nd2 Ne6 21.b4 Nc4 22.Nb3 f6
23.exf6 Bxf6 24.Nc5 Nxc5 25.bxc5 e5 26.Ne2 Qf5 27.Kg1 Nxe3 28.fxe3 Bg5 29.Ng3 Bxe3+
30.Qxe3 Qxc2 31.Qxe5 Rbe8 32.Qxd5+ Kh8 33.Kh2 a5 34.h4 a4 35.c6 Qc3 36.Rg1 Qxa3
37.Qxb5 Qe7 38.Qg5 Qxg5 39.hxg5 Rd8 40.Rd1 Rd5 41.Ne4 Rfd8 42.c7 Rc8 43.Nf6 Ra5
44.d5 Rxc7 45.d6 Rc8 46.d7 Rd8 47.Re1 Rxd7 48.Nxd7 Rxg5 49.Re7 Rf5 50.Nb6 Ra5
51.Nd7 Ra7 52.Re8+ Kg7 53.Nc5 a3 54.Re1 a2 55.Ra1 Ra3 56.Ne4 Re3 57.Ng3 Ra3
58.Ne2 Kh6 59.Kg1 Kg5 60.Kf2 h5 61.Nc1 Rc3 62.Nxa2 Ra3  1/2-1/2

[Event "Tres Peons op"]
[Site "ESP"]
[Date "1999.??.??"]
[Round "6"]
[White "Crespo Revilla, Josep Ma"]
[Black "Rivero Ojeda, C."]
[Result "0-1"]
[WhiteElo "2305"]
[BlackElo "2075"]

1.e4 c5 2.Nf3 Nc6 3.Bb5 g6 4.O-O Bg7 5.c3 e5 6.d3 Nge7 7.a4 O-O 8.Be3 d6
9.Bc4 h6 10.Na3 Kh7 11.Ne1 b6 12.Nac2 d5 13.exd5 Nxd5 14.Bc1 Bb7 15.Ne3 Nf4
16.g3 Nh3+ 17.Kg2 Ng5 18.Bd5 Qd7 19.h4 Ne7 20.Bxb7 Qxb7+ 21.Kh2 Ne6 22.Qb3 Rad8
23.Qc4 a6 24.N1g2 b5 25.axb5 axb5 26.Qe4 Qd7 27.h5 Ng5 28.Qg4 f5 29.hxg6+ Nxg6
30.Qh5 f4 31.Ra6 Qxd3 32.Rd1 Qe4 33.Rxd8 Rxd8 34.Rxg6 fxg3+ 35.fxg3 Qxg6
36.Qg4 Rf8 37.Nh4 Nf3+ 38.Qxf3 Rxf3 39.Nxf3  0-1

[Event "Cataluna-chT"]
[Site "ESP"]
[Date "1999.??.??"]
[Round "6"]
[White "Mateu Palau, E."]
[Black "Espinalt Vila, LX."]
[Result "1-0"]
[WhiteElo "2255"]
[BlackElo "2040"]

1.e4 c5 2.Nf3 Nc6 3.Bb5 a6 4.Bxc6 dxc6 5.d3 g6 6.Be3 Bg7 7.c3 b6 8.Qc2 Qc7
9.O-O Bg4 10.Nbd2 Nf6 11.h3 Bd7 12.Rac1 h5 13.Rfd1 Nh7 14.d4 Nf8 15.dxc5 b5
16.Nf1 Ne6 17.Qd2 Rd8 18.b4 f6 19.Nd4 Kf7 20.a4 h4 21.Qa2 Qc8 22.axb5 axb5
23.Nh2 Ke8 24.Rd2 Nxd4 25.cxd4 Be6 26.d5 Bf7 27.Rcd1 Rh5 28.Qa5 cxd5 29.Qxb5+ Kf8
30.exd5 Rhxd5 31.Rxd5 Rxd5 32.Qe2 Rxd1+ 33.Qxd1 Bc4 34.Nf3 Qb7 35.Qd2 Bd5
36.Nxh4 g5 37.Nf3 Bxf3 38.gxf3 Qxf3 39.Qd8+ Kf7 40.Qd7 Bf8  1-0

[Event "FIN-chT9899"]
[Site "FIN"]
[Date "1999.??.??"]
[Round "9"]
[White "Salmensuu, Olli"]
[Black "Agopov, Mikael"]
[Result "1-0"]
[WhiteElo "2449"]
[BlackElo "2398"]

1.e4 c5 2.Nf3 Nc6 3.Bb5 g6 4.O-O Bg7 5.Re1 Nf6 6.Nc3 O-O 7.d3 Nd4 8.Bc4 d6
9.h3 e5 10.a4 Bd7 11.Nd5 Nxd5 12.Bxd5 Bc6 13.Bxc6 Nxc6 14.Bg5 Qd7 15.Nd2 f5
16.Nf1 d5 17.f3 Rf7 18.Ne3 d4 19.Nd5 Nb4 20.Nxb4 cxb4 21.Qd2 Qd6 22.Kh1 Rc8
23.Rac1 f4 24.c3 bxc3 25.bxc3 dxc3 26.Rxc3 Rxc3 27.Qxc3 Rc7 28.Qb3+ Kh8 29.d4 exd4
30.e5 Bxe5 31.Qb5 d3 32.Rxe5 d2 33.Re8+ Kg7 34.Qb2+ Kf7 35.Qh8  1-0

[Event "FIN-chT9899"]
[Site "FIN"]
[Date "1999.??.??"]
[Round "9"]
[White "Westerinen, Heikki MJ"]
[Black "Liiva, Riho"]
[Result "1/2-1/2"]
[WhiteElo "2393"]
[BlackElo "2437"]

1.e4 c5 2.Nf3 Nc6 3.Bb5 e6 4.O-O Nge7 5.Re1 a6 6.Bf1 d5 7.exd5 Nxd5 8.d4 Be7
9.c4 Nf6 10.dxc5 Qa5 11.Nbd2 Qxc5 12.Nb3 Qd6 13.Qxd6  1/2-1/2

[Event "Oberliga Ost B9899"]
[Site "GER"]
[Date "1999.??.??"]
[Round "?"]
[White "Oumnov, Aleksei"]
[Black "Tennstedt, Andreas"]
[Result "0-1"]
[WhiteElo "2245"]
[BlackElo "2210"]

1.e4 c5 2.Nf3 Nc6 3.Bb5 g6 4.Bxc6 dxc6 5.h3 Nf6 6.e5 Nd5 7.d3 Bg7 8.O-O O-O
9.Qe2 Nc7 10.Nbd2 b6 11.Ne4 Be6 12.Bg5 Bd5 13.Bh4 Ne6 14.c3 h6 15.Bg3 Bxe4
16.Qxe4 Qd5 17.Qxd5 cxd5 18.Nd2 g5 19.Rae1 h5 20.h4 gxh4 21.Bxh4 Nf4 22.d4 cxd4
23.cxd4 Rfc8 24.Bg5 Ne6 25.Nf3 Rc2 26.Bxe7 Rxb2 27.a3 Bh6 28.Rd1 Kh7 29.g3 Rc8
30.Rb1 Rxb1 31.Rxb1 Rc1+ 32.Rxc1 Bxc1 33.a4 Bb2 34.Bd6 Bxd4 35.Bb8 a6 36.Ba7 Bc5
37.Kf1 Kg6 38.Nh4+ Kg5 39.f3 a5 40.Bb8 Be7 41.Bd6 Bxd6 42.exd6 Nc5 43.Ng2 Kf6  0-1

[Event "Oberliga Ost B9899"]
[Site "GER"]
[Date "1999.??.??"]
[Round "?"]
[White "Margolin, Boris"]
[Black "Petrosian, Suren"]
[Result "1-0"]
[WhiteElo "2375"]
[BlackElo "2375"]

1.e4 c5 2.Nf3 Nc6 3.Bb5 g6 4.c3 Bg7 5.d4 cxd4 6.cxd4 Qb6 7.Nc3 Bxd4 8.Nxd4 Qxd4
9.Qe2 Qe5 10.f4 Qh5 11.Qe3 Nf6 12.Be2 Qh4+ 13.g3 Qh3 14.Nd5 O-O 15.Bd2 Ng4
16.Qf3 f5 17.Bc3 e6 18.exf5 gxf5 19.Bf1 Qh6 20.h3 exd5 21.Qxd5+ Qe6+ 22.Qxe6+ dxe6
23.hxg4 fxg4 24.Rh4 e5 25.Bc4+ Kg7 26.fxe5 Bf5 27.O-O-O Ne7 28.e6+ Kg8 29.Rd7 Rfe8
30.Rxb7 Rac8 31.Bb3 a5 32.Rh5 Bg6 33.Rxa5 h5 34.Raa7 Nf5 35.Rg7+  1-0

[Event "Oberliga Ost B9899"]
[Site "GER"]
[Date "1999.??.??"]
[Round "?"]
[White "Henrich, Thomas"]
[Black "Paehtz, Thomas Jr"]
[Result "1-0"]
[WhiteElo "2445"]
[BlackElo "2155"]

1.e4 c5 2.Nf3 Nc6 3.Bb5 g6 4.Bxc6 dxc6 5.Nc3 Bg7 6.h3 e5 7.d3 h6 8.Be3 b6
9.Qd2 f5 10.exf5 gxf5 11.Qe2 Be6 12.O-O-O Qd7 13.Rhe1 O-O-O 14.Bf4 exf4 15.Qxe6 Nf6
16.Qxd7+ Nxd7 17.Re6 Kc7 18.Ne2 h5 19.Re1 Bh6 20.Kd1 Bg7 21.b3 b5 22.Nxf4 Bc3
23.R1e2 c4 24.Re7 Kb6 25.Ne6 Nc5 26.Nxd8 Rxd8 27.Re8 Rd6 28.Rb8+ Ka5 29.Re7 Bb2
30.bxc4 Ne4 31.Ke2  1-0

[Event "Oberliga Ost B9899"]
[Site "GER"]
[Date "1999.??.??"]
[Round "?"]
[White "Grabarczyk, Bogdan"]
[Black "Legde, Georg"]
[Result "1-0"]
[WhiteElo "2425"]
[BlackElo "2255"]

1.e4 c5 2.Nf3 Nc6 3.Bb5 d6 4.c3 Nf6 5.Qe2 Bd7 6.d4 cxd4 7.Nxd4 g6 8.O-O Bg7
9.Rd1 O-O 10.Nf3 Qa5 11.Na3 a6 12.Bd3 Bg4 13.Nc4 Qh5 14.h3 Bxf3 15.Qxf3 Qxf3
16.gxf3 Nd7 17.Ne3 b5 18.Be2 Nc5 19.Bd2 Na4 20.Rab1 Rfc8 21.Rdc1 Ne5 22.b3 Nc5
23.Nd5 Ra7 24.Be3 Rb7 25.f4 Nc6 26.e5 e6 27.Nb4 Ne4 28.Bf3 d5 29.Bxe4 dxe4
30.Nxa6 Bf8 31.a4 Ra8 32.axb5  1-0

[Event "Oberliga Nord N9899"]
[Site "GER"]
[Date "1999.??.??"]
[Round "?"]
[White "Teschke, Olaf"]
[Black "Wendt, Jan Dietrich"]
[Result "1/2-1/2"]
[WhiteElo "2160"]
[BlackElo "2295"]

1.e4 c5 2.Nf3 Nc6 3.Bb5 g6 4.O-O Bg7 5.c3 Nf6 6.d4 Nxe4 7.d5 Nd6 8.Na3 Na5
9.Bf4 a6 10.Bxd6 exd6 11.Re1+ Kf8 12.Bf1 b5 13.Qd2 Bb7 14.Rad1 c4 15.g4 h6
16.h4 Kg8 17.Bg2 Rc8 18.g5 Ba8 19.Qf4 Nb7 20.Nc2 Qf8 21.Ne3 Nc5 22.Bf1 h5
23.Ng2 Na4 24.Qc1 Nb6 25.Nf4 Rc5 26.Nd2 Nxd5 27.Ne4 Nxf4 28.Nxc5 Ne6 29.Ne4 Be5
30.Bg2 Kg7 31.Qe3 Bxe4 32.Qxe4 Nc5 33.Qd5 Nd3 34.Rxd3 cxd3 35.Qxd3 Qc8 36.Qd5 Re8
37.Re4 Kg8 38.f4 Bg7 39.Rxe8+ Qxe8 40.Qa8 Qxa8 41.Bxa8 a5 42.Kg2 b4 43.cxb4 axb4
44.b3 Kf8 45.Be4 Ke8 46.Kf3 f5  1/2-1/2

[Event "Oberliga Nord O9899"]
[Site "GER"]
[Date "1999.??.??"]
[Round "?"]
[White "Schurade, Matthias"]
[Black "Zezulkin, Jurij"]
[Result "0-1"]
[WhiteElo "2360"]
[BlackElo "2505"]

1.e4 c5 2.Nf3 Nc6 3.Bb5 d6 4.O-O Bd7 5.Re1 Nf6 6.c3 a6 7.Ba4 b5 8.Bc2 e5
9.h3 g5 10.d4 cxd4 11.Bxg5 Rg8 12.cxd4 h6 13.dxe5 dxe5 14.Bxf6 Qxf6 15.Nc3 Bc5
16.Nd5 Qg7 17.Nh4 O-O-O 18.Qd2 Qg3 19.b4 Qxh4 20.bxc5 Rxg2+  0-1

[Event "Oberliga Nord O9899"]
[Site "GER"]
[Date "1999.??.??"]
[Round "?"]
[White "Reichenbach, Werner"]
[Black "Zierke, Oliver"]
[Result "0-1"]
[WhiteElo "2280"]
[BlackElo "2270"]

1.e4 c5 2.Nf3 Nc6 3.Bb5 g6 4.O-O Bg7 5.Re1 e5 6.c3 Nge7 7.d3 O-O 8.h3 h6
9.Be3 Qb6 10.Na3 d6 11.Qc1 Kh7 12.b4 a6 13.Ba4 Qa7 14.Bxc6 Nxc6 15.Nc4 Rd8
16.a4 Be6 17.Nfd2 b6 18.Qa3 f5 19.f3 a5 20.bxa5 Nxa5 21.Reb1 Nxc4 22.dxc4 fxe4
23.fxe4 Qc7 24.Qb3 Ra6 25.Rb2 Bd7 26.Rba2 Rda8 27.Kh2 Bc6 28.Qc2 R8a7 29.Qd1 Qd7
30.Qf3 Rxa4 31.Rxa4 Rxa4 32.Rb1 Qb7 33.h4 Ra6 34.h5 Be8 35.Rf1 gxh5 36.Qg3 Qe7
37.Nf3 Bg6 38.Nh4 Bxe4 39.Nf5 Qf6 40.Qxg7+ Qxg7 41.Nxg7 Kxg7 42.Rd1 Ra2 43.Rxd6 Rxg2+
44.Kh3 Rg6 45.Rd8 Rf6 46.Bd2 Rf3+  0-1

[Event "NRW-Liga I 9899"]
[Site "GER"]
[Date "1999.??.??"]
[Round "6"]
[White "Weber, Franz Josef"]
[Black "Doebler, Bernd"]
[Result "0-1"]
[WhiteElo "2175"]
[BlackElo "2065"]

1.e4 c5 2.Nf3 Nc6 3.Bb5 g6 4.O-O Bg7 5.Re1 Nf6 6.e5 Nd5 7.Nc3 Nc7 8.Bxc6 dxc6
9.d3 Bg4 10.Ne4 Ne6 11.Neg5 Nxg5 12.Bxg5 Qd5 13.Re4 Bf5 14.Re3 Bg4 15.Re4 Bf5
16.c4 Qd7 17.Re3 O-O 18.Qe1 f6 19.e6 Qc7 20.Bh4 Bh6 21.Bg3 Qd8 22.Rd1 Bxe3
23.Qxe3 b6 24.d4 cxd4 25.Rxd4 Qc8 26.Rd7 Rd8 27.Rxe7 Rd3 28.Qe2 Qd8 29.Rc7 Rd1+
30.Ne1 Qd3 31.Qxd3 Bxd3 32.f3 Bxc4 33.Rxc6 Bxa2 34.Kf2 Re8 35.Ke2 Rb1 36.Kd3 Rxe6
37.Rc8+ Kf7 38.Nc2 Rd1+ 39.Kc3 Bb1 40.Bf4 g5  0-1

[Event "GER-ch 11th Seniors"]
[Site "Germany"]
[Date "1999.??.??"]
[Round "?"]
[White "Gudat, Alfons"]
[Black "Rosen, Willy"]
[Result "1/2-1/2"]
[WhiteElo "2085"]
[BlackElo "2280"]

1.e4 c5 2.Nf3 Nc6 3.Bb5 g6 4.O-O Bg7 5.c3 Nf6 6.d4 cxd4 7.cxd4 Nxe4 8.d5 Nd6
9.Bd3 Ne5 10.Nxe5 Bxe5 11.Nc3 f5 12.Re1 Nf7 13.d6 e6 14.Qa4 O-O 15.Nb5 b6
16.Nc7 Rb8 17.Rxe5 Nxe5 18.Be2 Nf7 19.Qxa7 Rb7 20.Qa3 Nxd6 21.Bf4 Nf7 22.Nb5 d5
23.Rc1 e5 24.Bd2 Be6 25.Bb4 Re8 26.f4 Qa8 27.fxe5 Qxa3 28.Bxa3 Rc8 29.Rxc8+ Bxc8
30.Bf3 Nxe5 31.Bxd5+ Kg7 32.Bxb7 Bxb7 33.b3  1/2-1/2

[Event "GER-ch 11th Seniors"]
[Site "Germany"]
[Date "1999.??.??"]
[Round "?"]
[White "Bittner, Friedrich"]
[Black "Jugow, Alexander"]
[Result "0-1"]
[WhiteElo "2010"]
[BlackElo "2260"]

1.e4 c5 2.Nf3 Nc6 3.Bb5 g6 4.O-O Bg7 5.c3 e5 6.Re1 Nge7 7.Na3 O-O 8.Nc2 Qb6
9.a4 a6 10.Bf1 d5 11.d3 Be6 12.exd5 Nxd5 13.Ne3 Rad8 14.Nc4 Qc7 15.Qb3 b6
16.Bg5 Rb8 17.Qc2 b5 18.axb5 axb5 19.Ne3 h6 20.Bh4 f5 21.h3 f4 22.Ng4 g5
23.Nxh6+ Bxh6 24.Bxg5 Bg7 25.d4 cxd4 26.cxd4 Ndb4 27.Qd2 Rf5 28.Rad1 Qf7
29.h4 exd4 30.Re4 Bd5 31.Rxf4 Rxf4 32.Bxf4 Bxf3 33.Bxb8 Qg6 34.Qg5 Qxg5 35.hxg5 d3
36.Bf4  0-1

[Event "Gonfreville op"]
[Site "Gonfreville"]
[Date "1999.??.??"]
[Round "4"]
[White "Georgiev, Krum"]
[Black "David, Vincent"]
[Result "1-0"]
[WhiteElo "2490"]
[BlackElo "2176"]

1.e4 c5 2.Nf3 Nc6 3.Bb5 d6 4.O-O Bd7 5.c4 a6 6.Bxc6 Bxc6 7.Nc3 e6 8.d4 cxd4
9.Nxd4 Rc8 10.Qe2 Nf6 11.Rd1 Nd7 12.b4 b6 13.Nxc6 Rxc6 14.b5 axb5 15.Nxb5 Qb8
16.Bb2 Ne5 17.Bxe5 dxe5  1-0

[Event "Guingamp op"]
[Site "Guingamp"]
[Date "1999.??.??"]
[Round "4"]
[White "Le Roux, Jean Pierre"]
[Black "Kozakov, Mikhail"]
[Result "0-1"]
[WhiteElo "2252"]
[BlackElo "2420"]

1.e4 c5 2.Nf3 Nc6 3.Bb5 g6 4.O-O Bg7 5.Re1 e5 6.c3 Nge7 7.d4 cxd4 8.cxd4 Nxd4
9.Nxd4 exd4 10.Bg5 h6 11.Bf4 O-O 12.Qd2 Qb6 13.Na3 g5 14.Bg3 d5 15.exd5 Nxd5
16.Be5 Rd8 17.h4 gxh4 18.Bxg7 Kxg7 19.Re4 Bf5 20.Rxh4 d3 21.Bxd3 Qf6 22.Rc4 Nb6
23.Rc3 Na4 24.Qf4 Nxc3 25.Qxf5 Qxf5 26.Bxf5 Ne2+ 27.Kf1 Nd4 28.Be4 f5 29.Bd3 Nf3  0-1

[Event "Haapajarvi op"]
[Site "Haapajarvi"]
[Date "1999.??.??"]
[Round "3"]
[White "Nyysti, Sampsa"]
[Black "Bibik, Jura"]
[Result "1-0"]
[WhiteElo "2178"]
[BlackElo "2270"]

1.e4 c5 2.Nf3 Nc6 3.Bb5 g6 4.Bxc6 bxc6 5.O-O Bg7 6.Re1 e5 7.c3 Qb6 8.Na3 Ba6
9.d3 Ne7 10.Rb1 O-O 11.Be3 d5 12.b4 d4 13.cxd4 cxd4 14.Bg5 Rfe8 15.Qb3 Nc8
16.Nd2 h6 17.Ndc4 Qc7 18.Bd2 Nb6 19.Na5 Qd7 20.Rec1 Rac8 21.N3c4 Kh7 22.a4 f5
23.f3 fxe4 24.fxe4 Rf8 25.b5 cxb5 26.axb5 Bb7 27.Nxb7 Qxb7 28.Na5 Qd7 29.Rxc8 Rxc8
30.Rf1 Rc7 31.Nc6 Rb7 32.Qa3 Nc8 33.Qc5 Qd6 34.Qc4 Qd7 35.Ba5 Nd6 36.Qa2 Nxb5
37.Nd8 Rb8 38.Rf7 Nc3 39.Rxd7 Nxa2 40.Ne6 Rg8 41.Bd8 g5 42.Bf6 Kg6 43.Bxg7 Nc1
44.g4  1-0

[Event "Havana Provincial"]
[Site "Havana"]
[Date "1999.??.??"]
[Round "?"]
[White "Gonzalez, Yuri"]
[Black "Nunez, Antonio"]
[Result "1-0"]
[WhiteElo "2385"]
[BlackElo "2345"]

1.e4 c5 2.Nf3 Nc6 3.Bb5 g6 4.O-O Bg7 5.Re1 Nf6 6.Bxc6 dxc6 7.h3 c4 8.Nc3 O-O
9.a4 Qa5 10.Ra2 e5 11.Qe2 h6 12.b4 cxb3 13.cxb3 Re8 14.Kh2 Qb4 15.Rb2 a5
16.Na2 Qe7 17.d3 Nd7 18.Nd2 Nc5 19.Nc4 Be6 20.Bd2 Red8 21.Nc1 Bxc4 22.dxc4 Rd7
23.f3 h5 24.Be3 Rad8 25.Rd2 Rxd2 26.Bxd2 Qc7 27.Be3 Ne6 28.Rd1 Nd4 29.Qf2 Rd7
30.h4 Qd8 31.Bxd4 exd4 32.Nd3 Qe7 33.Re1 Qa3 34.Qc2 Qd6+ 35.g3 Re7 36.f4 c5
37.e5 Qb6 38.Qd1 Qc6 39.Qe2 b6 40.g4 hxg4 41.Qxg4 Qe6 42.Kg3 Qc6 43.Qg5 Qe8
44.h5 Re6 45.Kf3 Qa8+ 46.Kf2 Qc6 47.f5  1-0

[Event "Havana Provincial-B"]
[Site "Havana"]
[Date "1999.??.??"]
[Round "?"]
[White "Montero, R."]
[Black "Diaz, Dagoberto"]
[Result "1-0"]
[WhiteElo "2000"]
[BlackElo "2210"]

1.e4 c5 2.Nf3 Nc6 3.Bb5 g6 4.O-O Bg7 5.c3 Nf6 6.Re1 O-O 7.h3 d6 8.d4 cxd4
9.cxd4 d5 10.e5 Ne4 11.Bxc6 bxc6 12.Nbd2 Bf5 13.Nb3 f6 14.Be3 g5 15.exf6 exf6
16.Rc1 Qb6 17.Re2 Rfe8 18.Ne1 Bf8 19.Nd3 Bd6 20.Nbc5 Rac8 21.Nxe4 Bxe4 22.f3 Bf5
23.Bf2 Rxe2 24.Qxe2 Qa6 25.Rd1 Qxa2 26.g4 Bd7 27.Nc5 Re8 28.Qc2 Bc8 29.h4 Qa5
30.Kg2 Kg7 31.Rh1 h6 32.h5 f5 33.gxf5 Kf6 34.Nd3 Bxf5 35.Qxc6 Re6 36.Ne5 Qc7
37.Qxd5 Bxe5 38.dxe5+ Kf7 39.Ra1 a6 40.Rxa6 Qxe5 41.Qxe5 Rxe5 42.Rxh6 Re2
43.Rb6 g4 44.fxg4 Bxg4 45.h6 Bf5 46.Kf3 Re8 47.Bd4 Kg8 48.Kf4 Bd3 49.Be5 Kh7
50.Bg7 Re4+ 51.Kg5 Re2 52.Rb8 Rg2+ 53.Kf6 Rf2+ 54.Ke6 Bc4+ 55.Kd6 Rf5 56.b4 Bd3
57.Ke6 Rh5 58.Rd8 Bb1 59.Rd4 Bc2 60.Kd6 Rb5 61.Kc6 Ba4 62.Kc7 Bc2 63.Rf4 Bd3
64.Kc6 Rh5 65.Rd4 Bf1 66.Rd1 Be2 67.Rd2 Bf1 68.Rf2 Bd3 69.Bf8 Bc4 70.Rc2 Bd3
71.Rc5 Rh2 72.b5 Rb2 73.b6  1-0

[Event "Basarrate mem-A"]
[Site "Havana"]
[Date "1999.??.??"]
[Round "?"]
[White "Gonzalez, Yuri"]
[Black "Mendez, Eduardo"]
[Result "1-0"]
[WhiteElo "2386"]
[BlackElo "2287"]

1.e4 c5 2.Nf3 Nc6 3.Bb5 g6 4.O-O Bg7 5.Bxc6 bxc6 6.Re1 f6 7.c3 Nh6 8.d4 cxd4
9.cxd4 Nf7 10.Nc3 d6 11.h3 O-O 12.b3 Bd7 13.Bb2 Qa5 14.Qd3 Qh5 15.Ne2 Qb5
16.Qd2 Rae8 17.Rad1 Bc8 18.Qc2 Bd7 19.Qc1 Qa5 20.Qa1 Ng5 21.Nxg5 fxg5 22.Bc3 Qb5
23.Qb2 g4 24.a4 Qg5 25.Rd3 d5 26.Ng3 Rf7 27.Bd2 Qf6 28.f3 Bc8 29.e5 Qh4 30.Kf2 Ba6
31.Rh1  1-0

[Event "Havana Provincial-B"]
[Site "Havana"]
[Date "1999.??.??"]
[Round "?"]
[White "Montero, R."]
[Black "Lopez, Carlos Manuel"]
[Result "1/2-1/2"]
[WhiteElo "2000"]
[BlackElo "2295"]

1.e4 c5 2.Nf3 Nc6 3.Bb5 e6 4.O-O Nge7 5.c3 a6 6.Be2 d5 7.d3 Ng6 8.Re1 Be7
9.Nbd2 O-O 10.Nf1 f5 11.exd5 exd5 12.d4 c4 13.b3 b5 14.a4 Rb8 15.axb5 axb5
16.Ba3 Bxa3 17.Rxa3 Qd6 18.Qc1 f4 19.Bd1 Bf5 20.Ra6 Ra8 21.Rb6 Qd7 22.Bc2 Nce7
23.Bxf5 Nxf5 24.bxc4 bxc4 25.Qb2 Nfh4 26.Nxh4 Nxh4 27.f3 Rae8 28.Rxe8 Qxe8
29.Kf2 Qd8 30.Kg1 Qg5 31.Qe2 h6 32.Re6 Ng6 33.Re8 Rxe8 34.Qxe8+ Kh7 35.Qd7 Nh4
36.Qg4 Nf5 37.Qxg5 hxg5 38.Kf2 Kg6 39.Nd2 Ne3 40.Nb1 Kf5 41.g3 Nd1+ 42.Ke2 Nb2
43.Na3 Na4 44.Nb1 g4 45.Kf2 g5 46.Kg2 gxf3+ 47.Kxf3 g4+ 48.Kf2 Nb2 49.gxf4 Kxf4
50.Ke2 Na4 51.Kf2 Nb6 52.Na3 Nd7 53.Nb5 Nf6 54.Nd6 Nh5 55.Ne8  1/2-1/2

[Event "Havana Provincial-B"]
[Site "Havana"]
[Date "1999.??.??"]
[Round "?"]
[White "Montero, R."]
[Black "Vega, Lemay"]
[Result "0-1"]
[WhiteElo "2000"]
[BlackElo "2275"]

1.e4 c5 2.Nf3 Nc6 3.Bb5 g6 4.O-O Bg7 5.c3 Nf6 6.Re1 O-O 7.h3 Qb6 8.Na3 d6
9.d3 e5 10.Ba4 a6 11.Nc4 Qc7 12.Bb3 h6 13.a4 Be6 14.Ne3 Bxb3 15.Qxb3 Ne7
16.a5 Kh8 17.Ra4 Rad8 18.Nc4 Nfg8 19.Nb6 f5 20.Qc4 Nc8 21.Nd5 Qc6 22.d4 fxe4
23.Rxe4 Nge7 24.Nxe7 Qxe4 25.dxe5 Qb1 26.exd6 Rxd6 27.Qxc5 Rd1+ 28.Kh2 Nxe7
29.Qxe7 Rxc1 30.Qxb7 Rh1+ 31.Kg3 Qf5 32.Qc7 Rxh3+ 33.gxh3 Qxf3+ 34.Kh2 Qxf2+
35.Kh1 Qf1+ 36.Kh2 Rf2+ 37.Kg3 Qg2+  0-1

[Event "Hessen-ch int"]
[Site "Hessen"]
[Date "1999.??.??"]
[Round "4"]
[White "Majer, Damir"]
[Black "Miersch, Marco"]
[Result "1-0"]
[WhiteElo "2245"]
[BlackElo "2115"]

1.e4 c5 2.Nf3 Nc6 3.Bb5 e6 4.O-O Nge7 5.Nc3 a6 6.Bxc6 Nxc6 7.d4 cxd4 8.Nxd4 d6
9.Nxc6 bxc6 10.Qg4 e5 11.Qg3 h5 12.f4 h4 13.Qf2 exf4 14.Bxf4 Be6 15.Rad1 g5
16.Bxd6 Bxd6 17.e5 Bxe5 18.Rxd8+ Rxd8 19.Qe2 Bd4+ 20.Kh1 h3 21.Ne4 hxg2+
22.Qxg2 g4 23.Qe2 Kf8 24.c4 Re8 25.Qd3 c5 26.Ng5 g3 27.h3 Rxh3+ 28.Nxh3 Bxh3
29.Rxf7+ Kxf7 30.Qh7+ Kf6 31.Qxh3 Re1+ 32.Kg2 Bf2 33.Qh6+ Ke5 34.Qxa6 Kd4
35.a4 Ke4 36.Qe6+ Kf4 37.Qf6+ Ke4 38.Qf3+ Kd4 39.Qf4+ Kd3 40.a5 Rg1+ 41.Kf3 Ra1
42.Qe4+ Kd2 43.Qe2+ Kc1 44.Qf1+ Kxb2 45.Qxa1+ Kxa1 46.a6  1-0

[Event "HUN-chT9899"]
[Site "HUN"]
[Date "1999.??.??"]
[Round "?"]
[White "Fusthy, Zsolt"]
[Black "Csoke, Adrienn"]
[Result "1-0"]
[WhiteElo "2270"]
[BlackElo "2195"]

1.e4 c5 2.Nf3 Nc6 3.Bb5 g6 4.O-O Bg7 5.c3 Nf6 6.Re1 O-O 7.h3 a6 8.Bxc6 dxc6
9.d4 cxd4 10.cxd4 Qa5 11.Bg5 h6 12.Qd2 Qxd2 13.Bxd2 Be6 14.Nc3 b5 15.Ne5 Rac8
16.a3 Rfd8 17.Be3 Ne8 18.f4 Bb3 19.Nb1 Bc2 20.Nd2 Nd6 21.Rac1 Bxe4 22.Nxe4 Nxe4
23.Nxc6 Rxc6 24.Rxc6 a5 25.Rb6 Rd5 26.Rb8+ Kh7 27.Rb7 Kg8 28.Rc7 Bf8 29.Bf2 b4
30.Rxe4 bxa3 31.bxa3 Rb5  1-0

[Event "HUN-chT29899"]
[Site "HUN"]
[Date "1999.??.??"]
[Round "?"]
[White "Csoke, Krisztian"]
[Black "Hajdu, Balazs"]
[Result "1-0"]
[WhiteElo "2200"]
[BlackElo "2160"]

1.e4 c5 2.Nf3 Nc6 3.Bb5 g6 4.O-O Bg7 5.c3 e5 6.d3 Nge7 7.Be3 d6 8.h3 O-O
9.Bc4 Kh8 10.Ng5 Qe8 11.f4 f6 12.Ne6 Bxe6 13.Bxe6 b5 14.Nd2 Rb8 15.fxe5 fxe5
16.Qg4 Nd8 17.Bd7 Rxf1+ 18.Rxf1 Qg8 19.Bg5 Ndc6 20.Bxc6 Nxc6 21.Qd7 Nd8 22.Qxd6 Ne6
23.Bf6 Bxf6 24.Rxf6 Nf4 25.Rxf4  1-0

[Event "HUN-chT29899"]
[Site "HUN"]
[Date "1999.??.??"]
[Round "?"]
[White "Lenart, Endre"]
[Black "Gaber, Jozsef"]
[Result "1/2-1/2"]
[WhiteElo "2220"]
[BlackElo "2205"]

1.e4 c5 2.Nf3 Nc6 3.Bb5 g6 4.O-O Bg7 5.Re1 Nf6 6.c3 O-O 7.d4 cxd4 8.cxd4 d5
9.e5 Ne4 10.h3 f6 11.Nc3 fxe5 12.dxe5 Nxc3 13.bxc3 Bf5 14.Ba3 Be4 15.Ng5 Qb6
16.Nxe4 dxe4 17.Qd5+ Kh8 18.Bxc6 Qxf2+ 19.Kh1 bxc6 20.Qxe4 c5 21.Re2 Qg3
22.Bxc5 Qxc3 23.Bd4 Qc4  1/2-1/2